| 000 | 01189cab a22001935a 4500 | ||
|---|---|---|---|
| 001 | L145291 | ||
| 008 | 080924s2008 xxkd s 000 0 eng d | ||
| 035 | _a(Sirsi) u145291 | ||
| 041 | 0 | _aeng | |
| 110 | 2 |
_aSavills Research _95211 |
|
| 245 | 0 | 4 |
_aThe residential property focus _bSeptember 2008 _h[electronic resource] |
| 260 |
_aLondon _bSavills Research _c2008 |
||
| 520 | _aProvides coverage of all the key housing market indicators and looks at the continued effects of the market downturn for the residential property market. Findings include predictions that housing market recovery will be led by London and the South East, with a return to pre-slump values by 2012; suggestions that the housing market will bottom out when the costs of renting and buying are realigned and indications that government housing targets for completion by 2020 look to be threatened by the current period of recession. | ||
| 590 | _aKA | ||
| 651 | 4 | _aUnited Kingdom | |
| 690 | _aPROPERTY-RESIDENTIAL PROPERTY-RESIDENTIAL PROPERTY MARKET | ||
| 856 | 4 | 0 |
_uhttps://www.spelthorne.gov.uk/616_residential_property_focus_-_savills.pdf _zView the item free of charge at www.savills.co.uk... |
| 942 |
_n0 _2ddc |
||
| 999 |
_c80764 _d80764 |
||